000 01628cam a2200433 i 4500
999 _c64641
_d64641
001 15513412
003 CO-MdFUSB
005 20190202100249.0
008 081106t2008 enk g b 001 0 eng
010 _a 2008300721
020 _a0567044424 (hbk.)
020 _a0567044521 (pbk.)
020 _a9780567044426 (hbk.)
020 _a9780567044525 (pbk.)
040 _aUKM
_cCO-MdFUSB
_dCO-MdFUSB
_dBAKER
_dYDXCP
_dBWKUK
_dBWK
_dBWX
_dCDX
_dDLC
_bspa
_erda
041 _aeng
042 _alccopycat
082 0 0 _224
_aG 230.044
_bW295p
100 1 _aWarrington, Keith.
_eautor
245 1 0 _aPentecostal theology
_b: A theology of encounter
_c/ Keith Warrington.
264 1 _aLondon ;
_bT & T Clark,
_c℗2008
264 4 _c©2008
300 _axii, 336 páginas ;
_c25 cm.
336 _2rdacontent
_atexto
_btxt
337 _2rdamedia
_asin mediación
_bn
338 _2rdacarrier
_avolumen
_bnc
501 _aIncluye índice (páginas 327- 336)
505 _aEn busca del pentecostalismo -- La búsqueda de una teología pentecostal -- Dios -- La iglesia -- La Biblia -- Espiritualidad y ética -- Misión -- Curación, exorcismo y sufrimiento -- Escatología -- Postcript
650 0 _aPentecostalismo
_9142
650 7 _aTeología doctrinal
_2
_9179
906 _a7
_bcbc
_ccopycat
_d2
_encip
_f20
_gy-gencatlg
942 _cBK